<?xml version="1.0" encoding="UTF-8"?>
<record
    xmlns:xsi="http://www.w3.org/2001/XMLSchema-instance"
    xsi:schemaLocation="http://www.loc.gov/MARC21/slim http://www.loc.gov/standards/marcxml/schema/MARC21slim.xsd"
    xmlns="http://www.loc.gov/MARC21/slim">

  <leader>00631nam a2200193 i 4500</leader>
  <controlfield tag="001">41394</controlfield>
  <controlfield tag="003">ES-MaACL</controlfield>
  <controlfield tag="005">20250722131821.0</controlfield>
  <controlfield tag="007">t|</controlfield>
  <controlfield tag="008">030310s1969    sp           ||||1| gao d</controlfield>
  <datafield tag="100" ind1="1" ind2=" ">
    <subfield code="a">Casado Nieto, Manuel.</subfield>
    <subfield code="9">36023</subfield>
  </datafield>
  <datafield tag="245" ind1="1" ind2="0">
    <subfield code="a">Carta de Lonxe o Coraz&#xF3;n do tempo / </subfield>
    <subfield code="c">Manuel Casado Nieto ; pr&#xF3;logo de Basilio Losada ; ep&#xED;logo de Ram&#xF3;n Otero Pedrayo.</subfield>
  </datafield>
  <datafield tag="260" ind1=" " ind2=" ">
    <subfield code="a">Vigo : </subfield>
    <subfield code="b">Galaxia, </subfield>
    <subfield code="c">1969.</subfield>
  </datafield>
  <datafield tag="300" ind1=" " ind2=" ">
    <subfield code="a">98 p. ; </subfield>
    <subfield code="c">18 cm.</subfield>
  </datafield>
  <datafield tag="700" ind1="1" ind2=" ">
    <subfield code="a">Losada, Basilio, </subfield>
    <subfield code="d">1930-</subfield>
    <subfield code="9">74251</subfield>
  </datafield>
  <datafield tag="700" ind1="1" ind2=" ">
    <subfield code="a">Otero Pedrayo, Ram&#xF3;n,</subfield>
    <subfield code="d">1888-1976</subfield>
    <subfield code="9">87917</subfield>
  </datafield>
  <datafield tag="852" ind1=" " ind2=" ">
    <subfield code="a">ES-MaACL</subfield>
    <subfield code="j">C-37041 </subfield>
    <subfield code="b">R.70454</subfield>
  </datafield>
  <datafield tag="999" ind1=" " ind2=" ">
    <subfield code="c">41394</subfield>
    <subfield code="d">41394</subfield>
  </datafield>
  <datafield tag="952" ind1=" " ind2=" ">
    <subfield code="0">0</subfield>
    <subfield code="1">0</subfield>
    <subfield code="4">0</subfield>
    <subfield code="7">0</subfield>
    <subfield code="a">ATENEOM</subfield>
    <subfield code="b">ATENEOM</subfield>
    <subfield code="c">DEPO2</subfield>
    <subfield code="d">2008-01-17</subfield>
    <subfield code="e">SC</subfield>
    <subfield code="l">0</subfield>
    <subfield code="o">C-37041</subfield>
    <subfield code="p">1043578</subfield>
    <subfield code="r">2023-02-23 00:00:00</subfield>
    <subfield code="w">2023-02-23</subfield>
    <subfield code="y">MONOGRAFIA</subfield>
  </datafield>
</record>
